Effect of low temperature regimes on storage of Hevea pollen (Record no. 49302)

MARC details
000 -LEADER
fixed length control field 00536nam a2200157Ia 4500
100 ## - MAIN ENTRY--AUTHOR NAME
Personal name Gireesh T
245 #0 - TITLE STATEMENT
Title Effect of low temperature regimes on storage of Hevea pollen
260 ## - PUBLICATION, DISTRIBUTION, ETC. (IMPRINT)
Name of publisher PLACROSYM XVIII. 10-13 December 2008, National Research Centre for Cashew, Puttur, Karnataka. Journal of Plantation Crops, 36 (3):207-210.
Year of publication 2008
650 ## - SUBJECT ADDED ENTRY--TOPICAL TERM
Topical Term Cryo preservation
650 ## - SUBJECT ADDED ENTRY--TOPICAL TERM
Topical Term Pollen storage
700 ## - ADDED ENTRY--PERSONAL NAME
Personal name Mydin K K
700 ## - ADDED ENTRY--PERSONAL NAME
Personal name Thomas V
700 ## - ADDED ENTRY--PERSONAL NAME
Personal name Varghese Y A
942 ## - ADDED ENTRY ELEMENTS (KOHA)
Koha item type Bibliography STAF
Holdings
Withdrawn status Lost status Damaged status Not for loan Home library Current library Shelving location Date acquired Koha item type
      Bibliography RRII Library RRII Library Botany 17/12/2008 Bibliography STAF